Countries with largest armies in the world - Statistics

General Stats
  • This quiz has been taken 37 times
  • The average score is 12 of 15
Answer Stats
Active Military Personnel Answer % Correct
2,183,000 China
97%
1,280,000 North Korea
97%
1,013,628 Russia
94%
580,000 South Korea
94%
1,400,000 United States
94%
1,444,000 India
91%
523,000 Iran
91%
400,000 Indonesia
81%
654,000 Pakistan
81%
440,000 Egypt
78%
355,000 Turkey
78%
482,000 Vietnam
72%
360,000 Thailand
69%
478,000 Saudi Arabia
63%
406,000 Myanmar
56%
No matching quizzes found
Score Distribution
Percent of People with Each Score
Percentile by Number Answered
Your Score History
You have not taken this quiz